Koncept racionální civilizace Patočkovo pojetí modernity ve světle civilizační analýzy

Salvato in:
Dettagli Bibliografici
Autore principale: Homolka, Jakub
Natura: Libro
Lingua:ceco
Pubblicazione: Praha Togga 2016
Soggetti:
Tags: Aggiungi Tag
Nessun Tag, puoi essere il primo ad aggiungerne!!

MARC

LEADER 00000nam a2200000 4500
001 0222841
005 20240314103457.5
020 |a 978-80-7476-103-4 
020 |a 978-80-87398-96-8 
041 0 |a cze 
044 |a CZ 
245 1 0 |a Koncept racionální civilizace  |b Patočkovo pojetí modernity ve světle civilizační analýzy  |c Jakub Homolka 
264 1 |a Praha  |b Togga  |c 2016 
300 |a 315 s. 
610 2 0 |a civilizácia 
610 2 0 |a spoločnosť postmoderná 
610 2 0 |a spoločnosť občianska 
610 2 0 |a kultúra 
610 2 0 |a dejiny 
610 2 0 |a technológie nové 
610 2 0 |a filozofia 
100 1 |a Homolka, Jakub